00534nam a2200169Ia 450000500170000000800410001702000150005808200130007310000210008624500690010726000090017630000130018550000500019894200060024895200950025499900150034920250624012412.0240331s9999 xx 000 0 und d a9559581104 bWIJa335 aWijegunasinghe,P 0aSucharitha gamlathta erehiva maxwadee kala vicharaye muuladharma c1995 a336 p ., aA book on Principles of Marxist Art Criticism cL 001040708LaWERCLbWERCLcSSCd2024-03-31l0o 335 WIJp5234r2024-03-31w2024-03-31yL c5035d5035